00589nam a22001697a 450000500170000001000130001702000250003003500130005503700240006808200060009210000250009824500910012326000300021427001150024430000240035949000360038320120103140237.0 aB-444635 a9788179639702c55.00 aB-444635 bBlue Berry/VenaDPL aS aDoyle, Arthur Conan  aThe case book of sherlock holmes :cby Arthur Conan Doyle bthe illustrious client / aMumbaibShree Book Centre a8 Kakod Industrial Estate-5. Keer Road(Off.L.J.Road) Matunga WestbMumbaie400016msales @shreebookcentre.com aunpaged.c27cm(pbk) aThe illustrated sherlock holmes